|
|
|
|
| LEADER |
00000nam a2200000 a 4500 |
| 001 |
vtls001560803 |
| 003 |
SK-MaSNL |
| 005 |
20260224203932.0 |
| 008 |
050420s xo d 000 0 slo |
| 013 |
|
|
|a 284 263
|b ep
|c patentový spis
|d 20041201
|e dátum nadobudnutia účinkov patentu (Vestník ÚPV SR č.:12/2004 )
|d 20041112
|e dátum sprístupnenia patentu verejnosti
|
| 013 |
|
|
|a 376-99
|e číslo prihlášky
|d 19970918
|e dátum podania prihlášky
|d 19990806
|e dátum zverejnenia prihlášky (Vestník ÚPV SR č.: 08/1999 )
|
| 013 |
|
|
|a 96202651.4
|e číslo prioritnej prihlášky
|d 19960923
|e dátum podania prioritnej prihlášky
|
| 013 |
|
|
|a PCT/EP97/05234
|e číslo podania medzinárodnej prihlášky podľa PCT
|
| 013 |
|
|
|a WO98/13029
|e číslo zverejnenia medzinárodnej prihlášky podľa PCT
|
| 040 |
|
|
|a SNK
|b slo
|c SNK
|e AACR2
|
| 245 |
1 |
|
|a Perorálny prípravok s oneskoreným pulzným uvoľňovaním a spôsob jeho prípravy
|
| 260 |
|
|
|a [Banská Bystrica]
|b Úrad priemyselného vlastníctva Slovenskej republiky
|c [2005]
|
| 919 |
|
|
|a ISBN
|
| 999 |
|
|
|c 1163075
|d 1165005
|
| 952 |
|
|
|a SNK
|b SNK
|y PREZ
|7 0
|p 17A0457120
|o snkSK 284263
|i snk2005/6534
|8 0
|0 0
|1 0
|4 0
|d 2005-04-20
|l 0
|r 2026-02-24 20:39:32
|w 2026-02-24
|